000 00592pam a2200217 i 4500
001 1760720
003 OSt
005 20250901165748.0
008 760302s1976 nyu 000 1 eng
010 _a 76006549
020 _a0690010990
040 _aDLC
_cDLC
_dDLC
050 0 0 _aPZ 4 .I84 Fr 1976
_bFr
_aPS3559.S74
082 0 0 _a813/.5/4
100 1 _aIsrael, Peter,
_d1933-
245 1 4 _aThe French kiss :
_ba novel /
_cby Peter Israel.
260 _aNew York :
_bCrowell,
_cc1976.
300 _a233 p. ;
_c21 cm.
906 _a7
_bcbc
_corignew
_d1
_eocip
_f19
_gy-gencatlg
942 _2lcc
_cBK
999 _c8891
_d8891